000 00907nam a22002177a 4500
999 _c9467
_d9467
008 180704b ||||| |||| 00| 0 eng d
020 _a978-1-305-96069-5
082 _22018
_aDC 371.9
_bC771
100 _928115
_aCook, Ruth E.
245 _aStrategies for including children with special needs in early childhood settings/
_cRuth E. Cook, Anne Marie Richardson-Gibbs and Laurie Nielsen Dotson.
250 _a2nd Edition
260 _aAustralia:
_bCengage Learning,
_cc2018.
300 _aiii, 294 pages:
_bcolor illustrations;
_c26 cm.
500 _aIncludes appendix, glossary, references and index.
650 0 _928343
_aChildren with disabilities -- Education (Early childhood) -- United States
650 0 _928344
_aInclusive education -- United States
700 _928116
_aRichardson-Gibbs, Anne Marie.
700 _928117
_aDotson, Laurie Nielsen.
365 _b8,602.20
_cPhp.
942 _2ddc
_cDC